Protection and preservation options for rubberwood sawn timber and finished products (Record no. 48098)

MARC details
000 -LEADER
fixed length control field 01097nam a2200157Ia 4500
100 ## - MAIN ENTRY--AUTHOR NAME
Personal name Hong L T
245 #0 - TITLE STATEMENT
Title Protection and preservation options for rubberwood sawn timber and finished products
260 ## - PUBLICATION, DISTRIBUTION, ETC. (IMPRINT)
Name of publisher In: Proceedings of the 2nd Rubberwood Seminar, 19-20 November 1985, Forest Research Institute of Malaysia, Kuala Lumpur, Malaysia, pp.49-63.
Year of publication 1985
520 ## - SUMMARY, ETC.
Summary, etc The conventional dipping method for the treatment of rubberwood will not be acceptable in the near future. Other optios of preservative treatment which provide long-term protection of rubberwood are given. Processes using aqueous preservatives such as copper-chrome-arsenic, borax, alkylammonium compounds, synthetic pyrethroids etc are discussed. The selection of any particular preservative process should relate to factors that are of prime importance to the cost of production and processing schedule so that effective and economical protection is obtained.
650 ## - SUBJECT ADDED ENTRY--TOPICAL TERM
Topical Term Rubberwood
700 ## - ADDED ENTRY--PERSONAL NAME
Personal name Selamat S
700 ## - ADDED ENTRY--PERSONAL NAME
Personal name Singh K D
700 ## - ADDED ENTRY--PERSONAL NAME
Personal name Tam M K
942 ## - ADDED ENTRY ELEMENTS (KOHA)
Koha item type Bibliography RLWO
Holdings
Withdrawn status Lost status Damaged status Not for loan Home library Current library Date acquired Koha item type
      Bibliography RRII Library RRII Library 31/12/2021 Bibliography RLWO